000 01179cam a22003371 4500
001 24861
003 MCM
005 20211209001116.0
008 140315r19231900maubd 001 0 eng d
035 _a(BD-RjUL)24930
035 _a(OCoLC)00478927
040 _aDLC
_cDLC
_dOCL
_dMYG
_dBD-RjUL
_beng
041 _aeng
082 0 4 _222
_a 700.9
_bCUE 1923
100 1 _aCunningham, W.
_q(William),
_d1849-1919.
_976511
245 1 3 _aAn essay on western civilisation in its economic aspects /
_cby W. Cunningham
260 _aCambridge :
_bUniversity Press,
_c1900. [Reprinted 1923]
300 _a300p. :
_b7 maps, chart. ;
_c20 cm.
490 1 _aCambridge historical series, ed. by G. W. Prothero
500 _aVol. 2 embodies the substance of lectures delivered at Harvard University in 1899. cf. Pref.
504 _aIncludes Index
505 0 _a[v. 1] Ancient times.--v. 2. Mediaeval and modern times.
650 0 _aEconomic history.
_976512
650 0 _aCivilization
_xHistory.
_976513
830 0 _aCambridge historical series.
_976521
942 _2ddc
_cBK
946 _at
949 _ac
_p39080020362304
999 _c24861
_d24861